[Event "Vescovato Gerolamo op-B 13th"]
[Site "Vescovato"]
[Date "2014.04.25"]
[Round "2"]
[White "Jirillo, Antonio"]
[Black "Barbisotti, Fabio"]
[Result "0-1"]
[WhiteElo "1591"]
[BlackElo "1503"]
[PlyCount "72"]
[EventDate "2014.04.25"]
[EventType "swiss"]
[EventRounds "6"]
[EventCountry "ITA"]
[SourceTitle "EXT 2024"]
[Source "ChessBase"]
[SourceDate "2023.10.10"]
[SourceVersion "1"]
[SourceVersionDate "2023.10.10"]
[SourceQuality "1"]

1. Nf3 d6 2. c4 e5 3. Nc3 Nf6 4. d3 b6 5. e4 Be7 6. Be2 0-0 7. Bg5 Nbd7 8. 0-0 Bb7 9. Qc2 Ne8 10. Bxe7 Qxe7 11. a4 a5 12. Rab1 c5 13. Nb5 Nb8 14. Nd2 Nc6 15. f4 Ba6 16. f5 Nb4 17. Qd1 Bxb5 18. axb5 a4 19. Rf3 Nf6 20. Rg3 a3 21. bxa3 Rxa3 22. Nf3 Rfa8 23. Qd2 Ra2 24. Qh6 g6 25. fxg6 fxg6 26. Bf1 Qg7 27. Qg5 Nh5 28. Rg4 Nf4 29. Ne1 Qf8 30. h4 Nh3+ 31. Kh2 Nxg5 32. Rxg5 Qxf1 33. h5 Qf4+ 34. Rg3 Ra1 35. Rxa1 Rxa1 36. Nf3 Rh1+ 0-1